<?xml version="1.0" encoding="UTF-8"?>
<record
    xmlns:xsi="http://www.w3.org/2001/XMLSchema-instance"
    xsi:schemaLocation="http://www.loc.gov/MARC21/slim http://www.loc.gov/standards/marcxml/schema/MARC21slim.xsd"
    xmlns="http://www.loc.gov/MARC21/slim">

  <leader>02545nam0a2200481 i 4500</leader>
  <controlfield tag="001">RU\NLR\BIBL_A\011180573</controlfield>
  <controlfield tag="005">20241115073201.0</controlfield>
  <datafield tag="010" ind1=" " ind2=" ">
    <subfield code="a">9785971031857</subfield>
  </datafield>
  <datafield tag="021" ind1=" " ind2=" ">
    <subfield code="a">RU</subfield>
    <subfield code="b">2016-53391</subfield>
    <subfield code="9">3400</subfield>
  </datafield>
  <datafield tag="035" ind1=" " ind2=" ">
    <subfield code="a">(NILC)RuMoRGB-008541427</subfield>
  </datafield>
  <datafield tag="035" ind1=" " ind2=" ">
    <subfield code="a">(NLR Aleph) 011180573</subfield>
  </datafield>
  <datafield tag="090" ind1=" " ind2=" ">
    <subfield code="a">11817103</subfield>
    <subfield code="c">11817103</subfield>
  </datafield>
  <datafield tag="100" ind1=" " ind2=" ">
    <subfield code="a">20160722d2016    km y0rusy50      ca</subfield>
  </datafield>
  <datafield tag="101" ind1="1" ind2=" ">
    <subfield code="a">rus</subfield>
    <subfield code="c">eng</subfield>
  </datafield>
  <datafield tag="102" ind1=" " ind2=" ">
    <subfield code="a">RU</subfield>
  </datafield>
  <datafield tag="105" ind1=" " ind2=" ">
    <subfield code="a">ac||z|||001yy</subfield>
  </datafield>
  <datafield tag="200" ind1="1" ind2=" ">
    <subfield code="a">&#x418;&#x437;&#x43E;&#x431;&#x440;&#x435;&#x442;&#x430;&#x44F; &#x438;&#x43D;&#x441;&#x442;&#x440;&#x443;&#x43C;&#x435;&#x43D;&#x442;&#x44B; &#x43D;&#x430;&#x443;&#x43A;&#x438; &#x431;&#x443;&#x434;&#x443;&#x449;&#x435;&#x433;&#x43E;. &#x423;&#x441;&#x43A;&#x43E;&#x440;&#x44F;&#x44E;&#x449;&#x430;&#x44F; &#x43D;&#x430;&#x443;&#x43A;&#x443; &#x422;&#x420;&#x418;&#x417;</subfield>
    <subfield code="e">&#x444;&#x438;&#x437;&#x438;&#x43A;&#x430; &#x443;&#x441;&#x43A;&#x43E;&#x440;&#x438;&#x442;&#x435;&#x43B;&#x435;&#x439;, &#x43B;&#x430;&#x437;&#x435;&#x440;&#x43E;&#x432;, &#x43F;&#x43B;&#x430;&#x437;&#x43C;&#x44B;</subfield>
    <subfield code="f">&#x410;. &#x410;. &#x421;&#x435;&#x440;&#x44B;&#x439;, &#x415;. &#x418;. &#x421;&#x435;&#x440;&#x430;&#x44F;</subfield>
    <subfield code="g">&#x43F;&#x435;&#x440;. &#x441; &#x430;&#x43D;&#x433;&#x43B;. &#x410;. &#x410;. &#x421;&#x435;&#x440;&#x43E;&#x433;&#x43E;, &#x415;. &#x418;. &#x421;&#x435;&#x440;&#x43E;&#x439;</subfield>
  </datafield>
  <datafield tag="210" ind1=" " ind2=" ">
    <subfield code="a">&#x41C;&#x43E;&#x441;&#x43A;&#x432;&#x430;</subfield>
    <subfield code="c">URSS</subfield>
    <subfield code="c">&#x41B;&#x415;&#x41D;&#x410;&#x41D;&#x414;</subfield>
    <subfield code="d">&#x441;&#x43E;&#x440;. 2016</subfield>
  </datafield>
  <datafield tag="215" ind1=" " ind2=" ">
    <subfield code="a">XXVIII, 285 &#x441;.</subfield>
    <subfield code="c">&#x438;&#x43B;., &#x43F;&#x43E;&#x440;&#x442;&#x440;.</subfield>
    <subfield code="d">25</subfield>
  </datafield>
  <datafield tag="300" ind1=" " ind2=" ">
    <subfield code="a">&#x41D;&#x430; &#x442;&#x438;&#x442;. &#x437;&#x430;&#x433;&#x43B;. &#x438; &#x430;&#x432;&#x442;. &#x442;&#x430;&#x43A;&#x436;&#x435; &#x43D;&#x430; &#x430;&#x43D;&#x433;&#x43B;. &#x44F;&#x437;.: Unifying physics of accelerators, lasers and plasma/ Andrei Seryi, Elena Seraia</subfield>
  </datafield>
  <datafield tag="300" ind1=" " ind2=" ">
    <subfield code="a">&#x41D;&#x430; 4-&#x439; &#x441;. &#x43E;&#x431;&#x43B;. 1-&#x439; &#x430;&#x432;&#x442;.: &#x410;.&#x410;. &#x421;&#x435;&#x440;&#x44B;&#x439;, &#x43F;&#x440;&#x43E;&#x444;. &#x41E;&#x43A;&#x441;&#x444;&#x43E;&#x440;&#x434;. &#x443;&#x43D;-&#x442;&#x430;</subfield>
  </datafield>
  <datafield tag="320" ind1=" " ind2=" ">
    <subfield code="a">&#x411;&#x438;&#x431;&#x43B;&#x438;&#x43E;&#x433;&#x440;.: &#x441;. 273-278</subfield>
  </datafield>
  <datafield tag="320" ind1=" " ind2=" ">
    <subfield code="a">&#x41F;&#x440;&#x435;&#x434;&#x43C;. &#x443;&#x43A;&#x430;&#x437;.: &#x441;. 279-285</subfield>
  </datafield>
  <datafield tag="517" ind1="1" ind2=" ">
    <subfield code="6">z73790</subfield>
    <subfield code="a">Unifying physics of accelerators, lasers and plasma</subfield>
  </datafield>
  <datafield tag="517" ind1="1" ind2=" ">
    <subfield code="a">&#x423;&#x441;&#x43A;&#x43E;&#x440;&#x44F;&#x44E;&#x449;&#x430;&#x44F; &#x43D;&#x430;&#x443;&#x43A;&#x443; &#x422;&#x420;&#x418;&#x417;</subfield>
  </datafield>
  <datafield tag="606" ind1=" " ind2=" ">
    <subfield code="a">&#x423;&#x441;&#x43A;&#x43E;&#x440;&#x438;&#x442;&#x435;&#x43B;&#x438; &#x437;&#x430;&#x440;&#x44F;&#x436;&#x435;&#x43D;&#x43D;&#x44B;&#x445; &#x447;&#x430;&#x441;&#x442;&#x438;&#x446;</subfield>
    <subfield code="9">912081</subfield>
    <subfield code="3">RU\NLR\AUTH\6613595</subfield>
  </datafield>
  <datafield tag="606" ind1=" " ind2=" ">
    <subfield code="a">&#x41F;&#x43B;&#x430;&#x437;&#x43C;&#x430;</subfield>
    <subfield code="9">2173395</subfield>
    <subfield code="3">RU\NLR\AUTH\661307261</subfield>
  </datafield>
  <datafield tag="606" ind1="1" ind2=" ">
    <subfield code="a">&#x41B;&#x430;&#x437;&#x435;&#x440;&#x44B;</subfield>
    <subfield code="9">1013731</subfield>
    <subfield code="3">RU\NLR\AUTH\6668659</subfield>
  </datafield>
  <datafield tag="606" ind1=" " ind2=" ">
    <subfield code="a">&#x422;&#x435;&#x43E;&#x440;&#x438;&#x44F; &#x440;&#x435;&#x448;&#x435;&#x43D;&#x438;&#x44F; &#x438;&#x437;&#x43E;&#x431;&#x440;&#x435;&#x442;&#x430;&#x442;&#x435;&#x43B;&#x44C;&#x441;&#x43A;&#x438;&#x445; &#x437;&#x430;&#x434;&#x430;&#x447;, &#x43C;&#x435;&#x442;&#x43E;&#x434;</subfield>
    <subfield code="9">2124856</subfield>
    <subfield code="3">RU\NLR\AUTH\661282683</subfield>
  </datafield>
  <datafield tag="675" ind1=" " ind2=" ">
    <subfield code="a">53</subfield>
  </datafield>
  <datafield tag="686" ind1="1" ind2=" ">
    <subfield code="a">&#x412;381.1</subfield>
  </datafield>
  <datafield tag="686" ind1="1" ind2=" ">
    <subfield code="a">&#x412;333</subfield>
  </datafield>
  <datafield tag="686" ind1="1" ind2=" ">
    <subfield code="a">&#x417;86-53</subfield>
  </datafield>
  <datafield tag="686" ind1="1" ind2=" ">
    <subfield code="a">&#x416;.&#x443;(2)4</subfield>
  </datafield>
  <datafield tag="700" ind1=" " ind2="1">
    <subfield code="7">ca</subfield>
    <subfield code="8">rus</subfield>
    <subfield code="a">&#x421;&#x435;&#x440;&#x44B;&#x439;</subfield>
    <subfield code="b">&#x410;. &#x410;.</subfield>
    <subfield code="c">&#x43A;&#x430;&#x43D;&#x434;. &#x444;&#x438;&#x437;.-&#x43C;&#x430;&#x442;. &#x43D;&#x430;&#x443;&#x43A;</subfield>
    <subfield code="g">&#x410;&#x43D;&#x434;&#x440;&#x435;&#x439; &#x410;&#x43D;&#x430;&#x442;&#x43E;&#x43B;&#x44C;&#x435;&#x432;&#x438;&#x447;</subfield>
    <subfield code="9">160697</subfield>
    <subfield code="3">RU\NLR\AUTH\770160739</subfield>
  </datafield>
  <datafield tag="701" ind1=" " ind2="1">
    <subfield code="7">ca</subfield>
    <subfield code="8">rus</subfield>
    <subfield code="a">&#x421;&#x435;&#x440;&#x430;&#x44F;</subfield>
    <subfield code="b">&#x415;. &#x418;.</subfield>
    <subfield code="c">&#x441;&#x43F;&#x435;&#x446;&#x438;&#x430;&#x43B;&#x438;&#x441;&#x442; &#x432; &#x43E;&#x431;&#x43B;. &#x446;&#x438;&#x442;&#x43E;&#x43B;&#x43E;&#x433;&#x438;&#x438; &#x438; &#x433;&#x435;&#x43D;&#x435;&#x442;&#x438;&#x43A;&#x438;</subfield>
    <subfield code="g">&#x415;&#x43B;&#x435;&#x43D;&#x430; &#x418;&#x432;&#x430;&#x43D;&#x43E;&#x432;&#x43D;&#x430;</subfield>
    <subfield code="9">160709</subfield>
    <subfield code="3">RU\NLR\AUTH\770160751</subfield>
  </datafield>
  <datafield tag="790" ind1=" " ind2="1">
    <subfield code="7">ba</subfield>
    <subfield code="8">rus</subfield>
    <subfield code="a">Seryj</subfield>
    <subfield code="b">A. A.</subfield>
    <subfield code="c">&#x43A;&#x430;&#x43D;&#x434;. &#x444;&#x438;&#x437;.-&#x43C;&#x430;&#x442;. &#x43D;&#x430;&#x443;&#x43A;</subfield>
    <subfield code="g">Andrej Anatol'evi&#x10D;</subfield>
    <subfield code="9">160698</subfield>
    <subfield code="3">RU\NLR\AUTH\770160740</subfield>
  </datafield>
  <datafield tag="790" ind1=" " ind2="1">
    <subfield code="7">ba</subfield>
    <subfield code="8">rus</subfield>
    <subfield code="a">Seraja</subfield>
    <subfield code="b">E. I.</subfield>
    <subfield code="c">&#x441;&#x43F;&#x435;&#x446;&#x438;&#x430;&#x43B;&#x438;&#x441;&#x442; &#x432; &#x43E;&#x431;&#x43B;. &#x446;&#x438;&#x442;&#x43E;&#x43B;&#x43E;&#x433;&#x438;&#x438; &#x438; &#x433;&#x435;&#x43D;&#x435;&#x442;&#x438;&#x43A;&#x438;</subfield>
    <subfield code="g">Elena Ivanovna</subfield>
    <subfield code="9">160711</subfield>
    <subfield code="3">RU\NLR\AUTH\770160753</subfield>
  </datafield>
  <datafield tag="801" ind1=" " ind2="0">
    <subfield code="a">RU</subfield>
    <subfield code="b">&#x420;&#x413;&#x411;</subfield>
    <subfield code="c">20160707</subfield>
    <subfield code="g">RCR</subfield>
  </datafield>
  <datafield tag="942" ind1=" " ind2=" ">
    <subfield code="c">BOOK</subfield>
  </datafield>
  <datafield tag="980" ind1=" " ind2=" ">
    <subfield code="a">NBR</subfield>
  </datafield>
</record>
